Colossians, Philemon and Ephesians. (Record no. 5649)

000 -LEADER
fixed length control field 00575nam a2200181 a 4500
001 - CONTROL NUMBER
control field :::00003391$&:&@@
003 - CONTROL NUMBER IDENTIFIER
control field OkBaRHE
005 - DATE AND TIME OF LATEST TRANSACTION
control field 20000607103304.0
008 - FIXED-LENGTH DATA ELEMENTS--GENERAL INFORMATION
fixed length control field s1963 j 000 0 eng u
040 ## - CATALOGING SOURCE
Transcribing agency
100 1# - MAIN ENTRY--PERSONAL NAME
Personal name Moulton, Harold K.
245 10 - TITLE STATEMENT
Title Colossians, Philemon and Ephesians.
260 ## - PUBLICATION, DISTRIBUTION, ETC. (IMPRINT)
Place of publication, distribution, etc London, UK:EN., :
Name of publisher, distributor, etc Epworth Press
Date of publication, distribution, etc c1963
300 ## - PHYSICAL DESCRIPTION
Extent 134 p. ;
Dimensions 19 cm.
650 ## - SUBJECT ADDED ENTRY--TOPICAL TERM
Topical term or geographic name as entry element Bible New Testament Epistles of Paul
General subdivision Commentaries
942 ## - ADDED ENTRY ELEMENTS (KOHA)
Source of classification or shelving scheme
Koha item type Books
Copies
Withdrawn status Shelving location Copy number Koha item type Full call number Permanent Location Lost status Barcode Price effective from Not for loan Damaged status Date acquired Source of classification or shelving scheme Date last seen
 General Stacks1BooksBS 2650.3 .M7RHEMA Bible Training College 33912010-04-14  2010-04-14 2018-03-28